Diagnosis before first aid : a manual for emergency care workers /

Bibliographic Details
Main Author: Marsden, Neville
Format: Book
Language:English
Published: Edinburgh ; New York : Churchill Livingstone ; 1978.
Subjects:

MARC

Tag First Indicator Second Indicator Subfields
LEADER 00000cam a2200000 i 4500
001 in00000320310
005 20151010160107.0
008 770802s1978 stka 00110 eng
010 |a  77011117  
015 |a GB78 
020 |a 0443016399 :  |c 2.00 
035 |a (OCoLC)03224000 
035 |9 ABJ4206AM 
040 |a DLC  |c DLC  |d NOH  |d TXA  |d UtOrBLW 
049 |a TXAM  |c [1402834] 
050 0 0 |a RC86.7  |b .M37 
060 0 |a WA 292 M364d 
082 0 |a 614.8/8 
100 1 |a Marsden, Neville. 
245 1 0 |a Diagnosis before first aid :  |b a manual for emergency care workers /  |c Neville Marsden. 
264 1 |a Edinburgh ;  |a New York :  |b Churchill Livingstone ;  |c 1978. 
264 2 |a New York :  |b Distributed by Longman, 
300 |a 113 pages :  |b illustrations ;  |c 22 cm. 
336 |a text  |b txt  |2 rdacontent 
337 |a unmediated  |b n  |2 rdamedia 
338 |a volume  |b nc  |2 rdacarrier 
500 |a Includes index. 
650 0 |a First aid in illness and injury. 
650 0 |a Diagnosis. 
650 2 |a Diagnosis. 
650 2 |a First Aid. 
999 |a MARS 
999 f f |s 3f3daadd-460e-3fa7-9075-be90bddee77e  |i 99cd9aa1-ce8e-32d8-869b-e77461b13d9a  |t 0 
952 f f |p ric  |a Texas A&M University  |b Rellis Campus  |c Joint Library Facility  |d Remote Storage  |t 0  |e RC86.7 .M37  |h Library of Congress classification  |i unmediated -- volume  |m A14805089470 
998 f f |a RC86.7 .M37  |t 0  |l Remote Storage